|
|
|
|
| LEADER |
00000nam a22000005a 4500 |
| 001 |
vtls010211845 |
| 003 |
SK-MaSNL |
| 005 |
20260425224218.0 |
| 008 |
240318s2010 xo o g hf 000 0 slo |
| 015 |
|
|
|a SNBE2013
|
| 020 |
|
|
|a 9788097057114
|q (brož.)
|
| 040 |
|
|
|a SNK
|b slo
|c SNK
|e AACR2
|
| 041 |
0 |
|
|a slo
|b eng
|
| 043 |
|
|
|a e-xo---
|a e-cs---
|a n-us---
|a x------
|
| 044 |
|
|
|a xo
|c SK
|
| 072 |
|
7 |
|a 929
|x Biografie
|2 konspekt
|
| 072 |
|
7 |
|a 94(437)
|x Dejiny Česka a Slovenska
|2 konspekt
|
| 080 |
|
|
|a 929
|2 2001
|
| 080 |
|
|
|a (=411.16)
|2 2001
|
| 080 |
|
|
|a 34-051
|2 2001
|
| 080 |
|
|
|a 336.71-057.16
|2 2001
|
| 080 |
|
|
|a 005.742-057.17
|2 2001
|
| 080 |
|
|
|a 37.011.3-051
|2 2001
|
| 080 |
|
|
|a 378.4
|2 2001
|
| 080 |
|
|
|a (437.6)
|2 2001
|
| 080 |
|
|
|a (100)
|2 2001
|
| 080 |
|
|
|a (092)
|2 2001
|
| 080 |
|
|
|a (041)
|2 2001
|
| 080 |
|
|
|a (437)
|2 2001
|
| 080 |
|
|
|a (73)
|2 2001
|
| 100 |
1 |
|
|a Vítek, Peter,
|d 1970-
|4 aut
|9 180201
|
| 245 |
1 |
0 |
|a Ervin Hexner *1893+1968
|c Peter Vítek, Jozef Rovenský
|
| 250 |
|
|
|a 1. vyd.
|
| 260 |
|
|
|a [Piešťany]
|b Jozef Rovenský
|c 2010
|
| 300 |
|
|
|a 20 s.
|b fotogr.
|c 21 cm
|
| 366 |
|
|
|e 50 výt.
|
| 504 |
|
|
|a Bibliografia
|
| 546 |
|
|
|a Res. angl.
|
| 600 |
1 |
7 |
|a Hexner, Ervin Paul,
|d 1893-1968
|2 SNKMA
|9 362857
|
| 600 |
3 |
7 |
|a Hexner (rodina)
|2 SNKMA
|9 362858
|
| 650 |
0 |
7 |
|a Židia
|2 SNKPH
|9 3760
|
| 650 |
0 |
7 |
|a právnici
|2 SNKPH
|9 2687
|
| 650 |
0 |
7 |
|a bankoví úradníci
|2 SNKPH
|9 257648
|
| 650 |
0 |
7 |
|a vedúci pracovníci
|2 SNKPH
|9 59720
|
| 650 |
0 |
7 |
|a pedagógovia
|2 SNKPH
|9 18561
|
| 650 |
0 |
7 |
|a univerzity
|2 SNKPH
|9 22152
|
| 651 |
|
7 |
|a Slovensko
|2 SNKPH
|9 14231
|
| 651 |
|
7 |
|a Československo
|2 SNKPH
|9 21376
|
| 651 |
|
7 |
|a Spojené štáty americké
|2 SNKPH
|9 18262
|
| 651 |
|
7 |
|a krajiny sveta
|2 SNKPH
|9 253334
|
| 655 |
|
7 |
|a biografie
|2 SNKPH
|9 27965
|
| 655 |
|
7 |
|a brožúry
|2 SNKPH
|9 70146
|
| 700 |
1 |
|
|a Rovenský, Jozef,
|d 1943-2024
|4 aut
|9 189097
|
| 919 |
|
|
|a 978-80-970571-1-4
|
| 958 |
|
|
|a NB
|
| 958 |
|
|
|a BX
|
| 999 |
|
|
|c 607249
|d 609179
|
| 952 |
|
|
|a SNK
|b SNK
|y PREZ
|7 0
|p 17A0686336
|o snkOSC 25416
|i snk2011/3481
|8 0
|0 0
|1 0
|4 0
|d 2011-02-16
|l 0
|r 2026-02-23 16:12:48
|w 2026-02-23
|
| 952 |
|
|
|a SNK
|b SNK
|y VYP
|7 0
|p 17A0686335
|o snkOSC 25416 D1
|i snk2011/3482
|8 0
|0 0
|1 0
|4 0
|d 2011-02-16
|l 0
|r 2026-02-23 16:12:48
|w 2026-02-23
|